| 000 | 00544cam a2200169 a 4500 | ||
|---|---|---|---|
| 020 | _a0195046153 (alk. paper) : | ||
| 040 | _cDLC | ||
| 082 | 0 | 0 | _a631 OXF 1989 A036 Co. |
| 100 | 1 | _aSposito, Garrison, | |
| 245 | 1 | 4 | _aThe chemistry of soils / |
| 260 |
_aNew York : _bOxford University Press, _c1989. |
||
| 300 |
_axii, 277 p. : _bill. ; _c25 cm. |
||
| 650 | 0 | _aSoil chemistry. | |
| 856 | 4 | 2 | _uhttp://www.loc.gov/catdir/enhancements/fy0602/88011768-d.html |
| 856 | 4 | 1 | _uhttp://www.loc.gov/catdir/enhancements/fy0602/88011768-t.html |
| 942 | _cEK | ||
| 999 |
_c11360 _d11360 |
||